Revista de medicina y cirugía prácticas / (Record no. 1952)
[ view plain ]
| 000 -LEADER | |
|---|---|
| campo de control de longitud fija | 00925nas a2200265 i 4500 |
| 001 - NÚMERO DE CONTROL | |
| campo de control | 1952 |
| 003 - IDENTIFICADOR DE NÚMERO DE CONTROL | |
| campo de control | ES-MaACL |
| 005 - FECHA Y HORA DE LA ÚLTIMA TRANSACCIÓN | |
| campo de control | 20250807062540.0 |
| 007 - CAMPO FIJO DE DESCRIPCIÓN FÍSICA--INFORMACIÓN GENERAL | |
| campo de control de longitud fija | t| |
| 008 - DATOS DE LONGITUD FIJA--INFORMACIÓN GENERAL | |
| campo de control de longitud fija | 950801d18771920sp | | 1 ||pa d |
| 080 ## - NÚMERO DE LA CLASIFICACIÓN DECIMAL UNIVERSAL | |
| Número de la Clasificación Decimal Universal | 460 |
| 245 00 - MENCIÓN DEL TÍTULO | |
| Título | Revista de medicina y cirugía prácticas / |
| Mención de responsabilidad, etc. | dir. Rafael Ulecia y Cardona. |
| 260 ## - PUBLICACIÓN, DISTRIBUCIÓN, ETC. | |
| Lugar de publicación, distribución, etc. | Madrid : |
| Nombre del editor, distribuidor, etc. | Imp. Nicolás Moya, |
| Fecha de publicación, distribución, etc. | 1877-1920 ( |
| Fabricante | Asilo de Huérfanos del S.C. de Jesús) |
| 300 ## - DESCRIPCIÓN FÍSICA | |
| Extensión | 101 v. ; |
| Dimensiones | 24 cm. |
| 310 ## - PERIODICIDAD ACTUAL | |
| Periodicidad actual | Mensual |
| 321 ## - PERIODICIDAD ANTERIOR | |
| Periodicidad anterior | Quincenal, |
| Fechas de la periodicidad anterior | 1877-1894 |
| 321 ## - PERIODICIDAD ANTERIOR | |
| Periodicidad anterior | Semanal (cada cinco días, |
| Fechas de la periodicidad anterior | 1895-1899 |
| 362 0# - FECHAS DE PUBLICACIÓN Y/O DESIGNACIÓN SECUENCIAL | |
| Fecha de publicación y/o designación secuencial | Año 1, t. 1, n. 1 (feb. 1877)-año 44, t. 128, n. 1620 (sept. 1920) |
| 650 17 - PUNTO DE ACCESO ADICIONAL DE MATERIA--TÉRMINO DE MATERIA | |
| Término de materia o nombre geográfico como elemento de entrada | Medicina |
| Fuente del encabezamiento o término | embne |
| 9 (RLIN) | 14891 |
| 700 1# - ENTRADA AGREGADA--NOMBRE PERSONAL | |
| Nombre de persona | Ulecia y Cardona, Rafael ( |
| Fechas asociadas al nombre | 1850-1912) |
| 9 (RLIN) | 111917 |
| 700 0# - ENTRADA AGREGADA--NOMBRE PERSONAL | |
| Nombre de persona | Toledo de la Cueva, Federico. |
| 9 (RLIN) | 110453 |
| 852 ## - LOCALIZACIÓN | |
| Ubicación | ES-MaACL |
| Número de control de estantería | Hem-A-30 |
| Encuadernación | Olim:K-3 |
| 866 #0 - MENCIÓN TEXTUAL DE FONDOS--UNIDAD BIBLIOGRÁFICA BÁSICA | |
| Fondos | 1884,1892-1914(1915f.n.1355)1916-1920 |
| Estatus retirado | Estado de pérdida | Estado de daño | No para préstamo | Colección | Biblioteca de origen | Biblioteca actual | Ubicación en estantería | Fecha de adquisición | Fuente de adquisición | Total de préstamos | Signatura topográfica completa | Código de barras | Visto por última vez | Precio de reemplazo | Tipo de ítem Koha |
|---|---|---|---|---|---|---|---|---|---|---|---|---|---|---|---|
| Periódicos y Revistas | Biblioteca del Ateneo de Madrid | Biblioteca del Ateneo de Madrid | Depósito 1 | 17/01/2008 | Hem-A-30 | 1001991 | 23/02/2023 | 23/02/2023 | Revista |
